000 01211nam a22003017a 4500
001 9425
003 FISKH
005 20260121094541.0
008 260106b cb ||||| |||| 00| 0 eng d
020 _a9781404865501
040 _aFISKH
_beng
_cFISKH
_dFISKH
050 _aHG173.S48
082 _a332.024
100 _aSeuling , Barbara
245 _aThere are millions of millionares :
_band other Freaky Facts about earning , saving , and spending /
_cBy Barbara Seuling : illustrated by Ryan Haugen
260 _aMinneapolis, Minnesota :
_bPicture Window Books ,
_c2009.
300 _a40 pages :
_bcolor illustrations ;
_c19 cm .
505 _aZ
520 _aA penny save is a penny earned, and millions of millionaires can prove it! Invest your time in this book and learn freaky financial facts about bills, taxes, valuables, banks, credit, and more. This is one book you can bank on--with interest!
521 8 _a910
_bLexile
521 8 _aZ
_bRAz-Plus
650 _aFinance
_vJuvenile Literature
650 _aMillionaires
_vJuvenile Literature
650 _aMoney
_vJuvenile Literature
700 _aHaugen , Ryan
_eIllustrator
942 _2ddc
_cBK
_n0
999 _c9425
_d9425